[Event "Dewan Astana Karnival op"]
[Site "Dewan Astana"]
[Date "2015.07.29"]
[Round "1"]
[White "Tuan, Muhd Fauzan Tuan Ib"]
[Black "Phua, Qian Wen"]
[Result "1-0"]
[WhiteElo "1217"]
[BlackElo "1536"]
[PlyCount "91"]
[EventDate "2015.07.29"]
[EventType "swiss"]
[EventRounds "7"]
[EventCountry "MAS"]
[SourceTitle "EXT 2017"]
[Source "ChessBase"]
[SourceDate "2016.10.25"]
[SourceVersion "1"]
[SourceVersionDate "2016.10.25"]
[SourceQuality "1"]

1. d4 Nf6 2. Nf3 g6 3. e3 Bg7 4. Bd3 d6 5. c4 c5 6. Nc3 Na6 7. a3 Nc7 8. d5 a6 9. b4 cxb4 10. axb4 Nfxd5 11. Nxd5 Nxd5 12. cxd5 Bxa1 13. Qa4+ Bd7 14. Qxa1 0-0 15. e4 e5 16. dxe6 fxe6 17. Bh6 Rf7 18. Ng5 Qf6 19. Qxf6 Rxf6 20. 0-0 Rc8 21. Rb1 e5 22. f3 Bb5 23. Bxb5 axb5 24. Rb2 d5 25. exd5 Rd6 26. Ne4 Rdd8 27. d6 Kf7 28. Bg5 Rd7 29. Be7 b6 30. Kf2 h6 31. h4 Ra7 32. Rb3 Rd7 33. Nc3 g5 34. hxg5 hxg5 35. Ne4 Rg8 36. Nxg5+ Ke8 37. Ne4 Kf7 38. Ng5+ Ke8 39. Rc3 Rxg5 40. Bxg5 Rxd6 41. Rc8+ Kf7 42. Be3 Rf6 43. Rb8 e4 44. Rxb6 Rf5 45. Bc5 exf3 46. gxf3 1-0